000 00341 a2200157 4500
001 56449
020 _a8535705953
040 _cAnchieta - Pituba
100 _aAlbergaria, Lino de
240 1 0 _aO relógio do mundo
_lpor
245 1 0 _aO relógio do mundo
300 _a60
362 0 _a2005
650 4 _aLiteratura juvenil
942 _cBK
999 _c56449
_d56449